Joki-, järvi- ja vesiloppuiset Suomen kunnat - Statistics

Yleistilastot
  • Tätä visaa on pelattu 2 224 kertaa
  • Keskiarvotulos 30 / 47
Vastaustilastot
-joki % Oikein
Kalajoki
79%
Seinäjoki
79%
Haapavesi
78%
Kemijärvi
77%
Alajärvi
76%
Haapajärvi
75%
Pyhäjoki
74%
Isojoki
73%
Pyhäjärvi
73%
Siikajoki
72%
Kauhajoki
71%
Orivesi
71%
Karijoki
69%
Lappajärvi
69%
Eurajoki
68%
Ilmajoki
68%
Pielavesi
68%
Evijärvi
67%
Kiuruvesi
67%
Kyyjärvi
66%
Saarijärvi
66%
Heinävesi
64%
Lumijoki
63%
Reisjärvi
63%
Ristijärvi
63%
Kivijärvi
62%
Konnevesi
62%
Pudasjärvi
62%
Siilinjärvi
62%
Suonenjoki
62%
Ylöjärvi
62%
Lapinjärvi
61%
Merijärvi
61%
Ruovesi
61%
Padasjoki
60%
Utsjoki
60%
Juupajoki
59%
Lestijärvi
59%
Rautjärvi
58%
Utajärvi
58%
Sonkajärvi
57%
Nurmijärvi
56%
Polvijärvi
56%
Tohmajärvi
56%
Jämijärvi
54%
Petäjävesi
54%
Hausjärvi
50%
Ehtoja vastaavia visoja ei löytynyt
Tulosjakauma
Jokaisen tuloksen saaneiden osuus
Persentiili vastausten määrän mukaan
Tuloshistoriasi
Et ole pelannut tätä visaa